| 000 | 01688cam a2200385 i 4500 | ||
|---|---|---|---|
| 001 | 25663 | ||
| 003 | Mx-PuUPA | ||
| 005 | 20260114112435.0 | ||
| 008 | 140415s2013 mx a gr 000 f spa d | ||
| 020 | _a9786073120319 | ||
| 040 |
_aMx-PuUPA _bspa _cMx-PuUPA _dMx-PuUPA _erda |
||
| 041 | 0 | _aspa | |
| 043 | _ae-gx--- | ||
| 100 | 1 |
_aZusak, Markus, _d1975- _92795 _eautor |
|
| 245 | 1 | 0 |
_aLa ladrona de libros / _cMarkus Zusak ; traducción de Laura Martín de Dios |
| 246 | 1 | 4 | _aLadrona de libros. |
| 250 |
_aSegunda edición / _ben Debolsillo, diciembre |
||
| 264 | 1 |
_aMéxico, D.F. : _bRandom House Mondadori, _c©2013 |
|
| 300 |
_a539 páginas : _bilustraciones ; _c21 cm |
||
| 336 |
_2rdacontent _atexto _btxt |
||
| 336 |
_2rdacontent _aimagen fija _bsti |
||
| 337 |
_2rdamedia _asin medio _bn |
||
| 338 |
_2rdacarrier _avolumen _bnc |
||
| 500 | _a"Ahora una superproducción de Twentieth Century Fox". -- Cubierta | ||
| 650 | 7 |
_2armarc _aJudios _zAlemania |
|
| 650 | 7 |
_2armarc _aMuerte _vNovela juvenil |
|
| 651 | 4 |
_aAlemania _xHistoria _y1933-1945 _vNovela juvenil |
|
| 700 | 1 |
_aMartín de Dios, Laura, _etraductor |
|
| 765 | 0 |
_aZusak, Markus, 1975- _tThe book thief. |
|
| 775 | 0 |
_aZusak, Markus, 1975- _bSegunda edición _dMéxico, D.F. : Penguin Random House Grupo Editorial, 2013 _h539 paginas : ilustraciones ; 19 cm _tLadrona de libros _w(Mx-PuUPA) 61359 _z9786073120319 |
|
| 775 | 0 |
_a Zusak, Markus, 1975- _bPrimera edición _dMéxico, D.F. : Random House Mondadori, 2007 _h539 páginas : ilustraciones ; 23 cm _tLa ladrona de libros _w(Mx-PuUPA) 66311 _z9789708100571 |
|
| 942 |
_2ddc _cLI _h823.92 _iZ6718 |
||
| 999 |
_c25663 _d25663 |
||